True legend / (Record no. 336417)
[ view plain ]
| 000 -LEADER | |
|---|---|
| fixed length control field | 00383nam a2200169Ia 4500 |
| 008 - FIXED-LENGTH DATA ELEMENTS--GENERAL INFORMATION | |
| fixed length control field | 170705s9999 xx 000 0 und d |
| 020 ## - INTERNATIONAL STANDARD BOOK NUMBER | |
| International Standard Book Number | 9780142426500 |
| 245 ## - TITLE STATEMENT | |
| Title | True legend / |
| 245 ## - TITLE STATEMENT | |
| Statement of responsibility, etc | Mike Lupica. |
| 260 ## - PUBLICATION, DISTRIBUTION, ETC. (IMPRINT) | |
| Place of publication, distribution, etc | London : |
| 260 ## - PUBLICATION, DISTRIBUTION, ETC. (IMPRINT) | |
| Name of publisher, distributor, etc | Puffin Books, |
| 260 ## - PUBLICATION, DISTRIBUTION, ETC. (IMPRINT) | |
| Date of publication, distribution, etc | 2012 |
| 300 ## - PHYSICAL DESCRIPTION | |
| Extent | 292 pages : |
| 300 ## - PHYSICAL DESCRIPTION | |
| Other physical details | color illustration ; |
| 300 ## - PHYSICAL DESCRIPTION | |
| Dimensions | 21cm. |
| 500 ## - GENERAL NOTE | |
| General note | 850 |
No items available.